Hungarian national team XI. (2024) - Statistics

General Stats
  • This quiz has been taken 66 times
  • The average score is 8 of 11
Answer Stats
POZÍCIÓ JÁTÉKOS NÉV % Correct
CAM Szoboszlai Dominik
100%
GK Dibusz Dénes
88%
RW Sallai Roland
88%
LB Kerkez Millos
80%
ST Varga Barnabás
80%
CB Willi Orban
77%
CB Lang Ádám
72%
RB Loic Nego
70%
CM Callum Styles
58%
CM Schäfer Andárs
50%
LW Salloi Dániel
25%
No matching quizzes found
Score Distribution
Percent of People with Each Score
Percentile by Number Answered
Your Score History
You have not taken this quiz